000 00978nam a2200253Ia 4500
003 OSt
005 20221005112214.0
006 a|||||r|||| 00| 0
007 ta
008 221004b |||||||| |||| 00| 0 pan d
020 _a9788171436347 (hbk)
_c300
024 _a26363
037 _b1025, 16/03/2016, H.K. Prakashan
_cTextual
040 _aCRL
_cCRL
_bpan
041 _2pan
_apan
082 _aO153,1NBI:g, Q6
100 _aਰੰਧਾਵਾ, ਆਤਮ ਸਿੰਘ, ਥਦ.
_9158561
245 0 _aਸੁਹਿੰਦਰ ਬੀਰ ਦੀ ਕਵਿਤਾ
_b ਸੁਹਜ ਤੇ ਸੰਵੇਦਨਾ
260 _aਅੰਮ੍ਰਿਤਸਰ
_bਰਵੀ ਸਾਹਿਤ ਪ੍ਰਕਾFਨ ਭਾਰਤ
_c2016
300 _a224ਪੰ
_ccm.
650 _aਪੰਜਾਬੀ ਸਾਹਿਤ
942 _hO153,1NBI:g, Q6
_cTEXL
_2cc
999 _c1024188
_d1024188